00567cam a22002291 4500001001300000003000400013005001700017008004100034010001700075025001900092035002000111040002100131042001200152050001600164100003700180245002000217260001100237300003900248500001700287650001600304999001700320sa 67002155 DLC20260227112328.0941027s1966 ii ac 000 0 gujo  asa 67002155  aPL480:I-Gu-761 a(OCoLC)31368316 aDLCcCUdCUdDLC apremarc00aQA106b.S441 aShah, Dhirajlal Tokershi,d1906-10aGaṇitasiddhi. c[1966] a8, 203 p.billus., ports.,c19 cm. aIn Gujarati. 0aArithmetic. c73078d73078